000 00247nam a2200109Ia 4500
008 220204s9999 xx 000 0 und d
082 _a539
_bDAV
100 _aP C W
245 0 _aForces of nature
260 _aLondon
_bCambridge
_c1979
942 _cBK
999 _c34697
_d34697